| 000 | 00431 a2200181 4500 | ||
|---|---|---|---|
| 260 | _aParis | ||
| 100 | _aCHASSANY,Jean-Philippe. | ||
| 260 | _bEditionsG.-P.Maisonneuve et Larose. | ||
| 245 | _aDictionnaire de météorologie populaire. | ||
| 300 | _aXXII-392p. | ||
| 650 | _aOUVRAGE DE REFERENCE | ||
| 650 | _aMETEOROLOGIE | ||
| 260 | _c1970 | ||
| 130 | _lFr. | ||
| 690 | _aMETEOROLOGIE. | ||
| 999 |
_c24471 _d24471 |
||